00179 2200085 4500001002100000990001800021990001800039990001800057990001800075INLIS000000000015055 a019610.033814 a019610.033815 a019610.033814 a019610.033815